000 00357 a2200157 4500
001 71153
020 _a8506040274
040 _cAnchieta - Colégio São Paulo
100 _aBrezina, Thomas
240 1 0 _aO castelo dos horrores
_lpor
245 1 0 _aO castelo dos horrores
300 _a128
362 0 _a2003
650 4 _aLiteratura juvenil
942 _cBK
999 _c71153
_d71153